Contaminants in agriculture: Sources, impacts and management (Record no. 395352)

MARC details
000 -LEADER
fixed length control field 00594 a2200217 4500
005 - DATE & TIME
control field 20260128104422.0
008 - FIXED-LENGTH DATA ELEMENTS--GENERAL INFORMATION
fixed length control field 260127b |||||||| |||| 00| 0 eng d
020 ## - ISBN
International Standard Book Number 9783030415518
Price € 149.99
040 ## - CATALOGING SOURCE
Original cataloging agency VIVEKANANDA LIBRARY
082 ## - DDC NUMBER
Classification number 631.8
Book Number N133C
100 ## - MAIN ENTRY--PERSONAL NAME
Personal name Naeem, M
245 ## - TITLE STATEMENT
Title Contaminants in agriculture: Sources, impacts and management
260 ## - PUBLICATION, DISTRIBUTION, ETC. (IMPRINT)
Name of publisher, distributor, etc Springer
Date of publication, distribution, etc 2020
Place of publication, distribution, etc Switzerland
300 ## - PHYSICAL DESCRIPTION
Pages xiv, 446
650 ## - Subject
Subject Agriculture
650 ## - Subject
Subject Agricultural Chemistry
650 ## - Subject
Subject Crop Plant
700 ## - Added Entry Personal Name
Added Entry Personal Name Ansari, Abid Ali
700 ## - Added Entry Personal Name
Added Entry Personal Name Gill, Sarvajeet Singh
942 ## - ADDED ENTRY ELEMENTS (KOHA)
Koha item type Books
Holdings
Withdrawn status Lost status Source of classification or shelving scheme Damaged status Not for loan Location (home branch) Sublocation or collection (holding branch) Shelving location Date acquired Koha issues (times borrowed) Koha full call number Accession No. Koha date last seen Koha item type
    Dewey Decimal Classification     VIVEKANANDA LIBRARY VIVEKANANDA LIBRARY Vivekananda Library 07/01/2026   631.8 N133C 443764 07/01/2026 Books
© Designed and Maintained by Vivekananda Library, MDU Rohtak